Statistics for Countries by longest total land borders

Click here to take the quiz!

General Stats

  • This quiz has been taken 95 times
    (72 since last reset)
  • The average score is 17 of 20

Answer Stats

Total length of land borders (km)Country% Correct
14,691Brazil
100%
22,147China
100%
20,017Russia
100%
12,034United States of America
99%
8,893Canada
97%
14,103.1India
97%
10,730Democratic Republic of the Congo
96%
9,665Argentina
91%
6,171Chile
91%
8,220Mongolia
91%
12,012Kazakhstan
88%
6,764Sudan
86%
6,774Pakistan
84%
6,343Algeria
80%
6,743Bolivia
80%
5,968Chad
78%
7,243Mali
74%
6,004Colombia
72%
6,221Uzbekistan
68%
5,876Myanmar
52%

Score Distribution

Percentile by Number Answered

Percent of People with Each Score

Your Score History

You have not taken this quiz since the last reset